000 00619nam a2200229Ia 4500
003 OSt
005 20221006163916.0
006 a|||||r|||| 00| 0
007 ta
008 221006b |||||||| |||| 00| 0 eng d
024 _a487
037 _cTextual
040 _aFML
_cFML
_beng
041 _2eng
_aeng
082 _aNR56wK85, J5
100 _aDeutsch Otto Erich Au.
_9676173
245 0 _aHandel
_b A Documenttary Biography
260 _aLondon
_bAdams C Black
_c1955
300 _a942
_ccm.
942 _hNR56wK85, J5
_cTEXL
_2CC
999 _c1115696
_d1115696